1701 1826 1285 1999 1014 1744 1923 1372 1451 1318 1061 1868 1288 1043 1709 1006 1511 1999 1588 1039 1320 1792 1202 1848 1717 1467 1146 1152 1763 1950 1231 1882 1788 1539 1878 1979 1362 1440 1934 1217 1453 1428 1019 1034 1777 1254 1940 1751 1015 1102 1868 1090 1852 1793 1818 1436 1695 1872 1445 1496 1890 1229 1886 1557 1268 1795 1741 1365 1416 1377 1168 1505 1678 1577 1282 1343 1823 1002 1551 1609 1218 1956 1289 1551 1479 1939 1742 1510 1821 1542 1159 1276 1457 1689 1838 1828 1702 1014 1104 BCNSPRNW ULIB Ver.6.0+V

เปลี่ยนเป็นภาษาไทย

Change to English
 แสดงรายละเอียดบรรณานุกรม
  กลับหน้าหลัก

Brief Record : Get Marc (ISO 2709) : E-mail record : QR code < ปิดหน้าต่าง
LEADER : 00000nam 2200000uu 4500
001    13399114239
003     ULIB
008    020711s2552 th a 000 0 tha d
020    ^a9786115520220
090    นว.^bส681ร
100    ^aสาริณี โพธิ์เงิน
110    ^aบุ๊คเวฟ
245    ^aโรมิโอกับจูเลียต/^cสาริณี โพธิ์เงิน
250    ^aพิมพ์ครั้งที่ 1
260    ^aกรุงเทพฯ :^bบุ๊คเวฟ,^c2552
300    ^a120 หน้า
945    ^p179^l0^i026028
995    ทศพร
999 ^a ใช้งานได้ทุกระบบ
รายการนี้ยังไม่มีแท็ก
คุณยังไม่ได้ล็อกอิน คุณสามารถมีกิจกรรมร่วมกับเว็บไซต์ได้ แต่ต้องล็อกอินก่อน ::
  ล็อกอิน

รายการสื่อสารสนเทศ

ลำดับที่ ประเภท เลขเรียก/บาร์โค้ด สถานที่ สถานะ
1. นวนิยาย
นวนิยาย
นว. ส681ร ฉ.1 
  Barcode: 026028
ห้องสมุดวิทยาเขตสวรรค์ประชารักษ์
►นวนิยาย
บนชั้น
  ขอยืม

BibComment


ยังไม่เคยถูกคอมเมนท์

คอมเมนท์ทรัพยากรรายการนี้
  คอมเมนท์: โรมิโอกับจูเลียต..


 Copyright 2026. Bcnsprnw @Library